| 000 | 00407nam a2200145 4500 | ||
|---|---|---|---|
| 008 | 191024s2019||||xo d | ||
| 100 | 1 |
_aSivoková Renáta _91414 |
|
| 245 | 1 | 0 |
_aPätminútovky zo slovenského jazyka _bpre 2. rocník Základných škôl |
| 250 | _a1.vydanie | ||
| 260 |
_bPríroda _aBratislava _c2019 |
||
| 300 | _a64s. | ||
| 020 |
_a9788055168517 _c3,33 |
||
| 041 | 1 | _aslo | |
| 044 |
_axo _cSK |
||
| 999 |
_c22772 _d22772 |
||